[Event "Chess24 Banter QualE 2020"]
[Site "chess24.com INT"]
[Date "2020.09.10"]
[Round "1.1"]
[Board "1"]
[White "Anton Guijarro, David"]
[Black "Tang, Andrew"]
[Result "0-1"]
[WhiteTitle "GM"]
[BlackTitle "GM"]
[WhiteElo "2688"]
[BlackElo "2538"]
[WhiteFideId "2285525"]
[BlackFideId "2059630"]
[EventDate "2020.09.10"]

1. e4 e5 2. Nf3 Nc6 3. Nc3 Nf6 4. d4 exd4 5. Nxd4 Bb4 6. Nxc6 bxc6 7. Bd3 d5 8.
exd5 cxd5 9. O-O O-O 10. Qf3 c6 11. h3 h6 12. Bf4 Bd6 13. Rfe1 Rb8 14. b3 Rb4
15. Bxd6 Qxd6 16. Rad1 Rf4 17. Qe2 Rh4 18. Qe5 Qb4 19. Na4 Rh5 20. Qe7 Qh4 21.
Re5 Bxh3 22. gxh3 Qxh3 23. Rxh5 Qg4+ 0-1

[Event "Chess24 Banter QualE 2020"]
[Site "chess24.com INT"]
[Date "2020.09.10"]
[Round "1.2"]
[Board "1"]
[White "Tang, Andrew"]
[Black "Anton Guijarro, David"]
[Result "0-1"]
[WhiteTitle "GM"]
[BlackTitle "GM"]
[WhiteElo "2538"]
[BlackElo "2688"]
[WhiteFideId "2059630"]
[BlackFideId "2285525"]
[EventDate "2020.09.10"]

1. d4 Nf6 2. c4 e6 3. Nc3 Bb4 4. Qc2 d6 5. Nf3 O-O 6. g3 b6 7. Bg2 Bb7 8. O-O
Bxc3 9. Qxc3 Nbd7 10. b4 a5 11. b5 h6 12. a4 Re8 13. Ba3 Be4 14. Rfd1 Qb8 15. c5
Nd5 16. Qc4 N7f6 17. c6 Qd8 18. Nd2 Bxg2 19. Kxg2 Ne7 20. Qd3 Ng6 21. e4 e5 22.
d5 Qc8 23. Qf3 Rf8 24. h3 Nh7 25. Qg4 Qe8 26. Nc4 Nf6 27. Qf3 Qd8 28. Ne3 Ne7
29. Kf1 Nh7 30. h4 Qc8 31. g4 Ng6 32. Qg3 Nf4 33. Ke1 Nf6 34. f3 h5 35. Kd2 hxg4
36. Nxg4 Nxg4 37. Qxg4 f5 38. exf5 Qxf5 39. Rg1 Qd3+ 40. Kc1 Ne2+ 41. Kb2 Qd2+
42. Kb3 Nd4+ 43. Kc4 Qc2# 0-1

[Event "Chess24 Banter QualE 2020"]
[Site "chess24.com INT"]
[Date "2020.09.10"]
[Round "1.3"]
[Board "1"]
[White "Anton Guijarro, David"]
[Black "Tang, Andrew"]
[Result "1-0"]
[WhiteTitle "GM"]
[BlackTitle "GM"]
[WhiteElo "2688"]
[BlackElo "2538"]
[WhiteFideId "2285525"]
[BlackFideId "2059630"]
[EventDate "2020.09.10"]

1. e4 e5 2. Nf3 Nc6 3. Nc3 Nf6 4. d4 exd4 5. Nxd4 Bb4 6. Nxc6 bxc6 7. Bd3 d5 8.
exd5 cxd5 9. O-O O-O 10. Qf3 c6 11. h3 h6 12. Bf4 Bd6 13. Rfe1 Rb8 14. b3 Rb4
15. Bxd6 Qxd6 16. Qe3 Rb7 17. Na4 Be6 18. Rad1 Re8 19. Nc5 Rbe7 20. Qd4 Bc8 21.
Rxe7 Rxe7 22. c4 Qe5 23. Qxe5 Rxe5 24. cxd5 cxd5 25. b4 Kf8 26. a4 Ke7 27. f4
Rh5 28. Kf2 g5 29. fxg5 hxg5 30. Be2 Rh4 31. b5 Kd6 32. Rc1 Rf4+ 33. Bf3 Bf5 34.
Nb7+ Ke5 35. Re1+ Ne4+ 36. Ke2 d4 37. Kd3 Kd5 38. a5 Bg6 39. b6 axb6 40. a6 Rh4
41. a7 Rh8 42. Bxe4+ Bxe4+ 43. Rxe4 Ra8 44. Rxd4+ Kc6 45. Nd8+ Kc7 46. Nxf7 Rxa7
47. Nxg5 b5 48. h4 Kc6 49. h5 Kc5 50. Ne4+ Kb6 51. h6 Ra3+ 52. Ke2 Ra2+ 53. Rd2
Ra3 54. h7 Ra8 1-0

[Event "Chess24 Banter QualE 2020"]
[Site "chess24.com INT"]
[Date "2020.09.10"]
[Round "1.4"]
[Board "1"]
[White "Tang, Andrew"]
[Black "Anton Guijarro, David"]
[Result "1/2-1/2"]
[WhiteTitle "GM"]
[BlackTitle "GM"]
[WhiteElo "2538"]
[BlackElo "2688"]
[WhiteFideId "2059630"]
[BlackFideId "2285525"]
[EventDate "2020.09.10"]

1. d4 g6 2. c4 Bg7 3. Nc3 d6 4. e4 Nf6 5. Nge2 c6 6. f3 a6 7. Be3 b5 8. c5 dxc5
9. dxc5 Qxd1+ 10. Rxd1 a5 11. g3 O-O 12. e5 Nfd7 13. f4 Na6 14. Bg2 Ndxc5 15.
Bxc6 Rb8 16. Bxb5 f6 17. exf6 Bxf6 18. Rd2 Bg4 19. O-O Rfc8 20. Nd4 Kg7 21. Re1
Nc7 22. Bf1 N7e6 23. Ndb5 h5 24. Bg2 Bf5 25. Red1 a4 26. Bd5 Nc7 27. Nxc7 Rxc7
28. Bf3 a3 29. Nd5 axb2 30. Nxc7 b1=Q 31. Rxb1 Rxb1+ 32. Kg2 Nd3 33. Ne6+ Kf7
34. Ng5+ Bxg5 35. fxg5 Ne1+ 36. Kf2 Nd3+ 37. Kg2 Ne1+ 38. Kf2 Nd3+ 39. Kg2 1/2-1/2

[Event "Chess24 Banter QualE 2020"]
[Site "chess24.com INT"]
[Date "2020.09.10"]
[Round "1.5"]
[Board "1"]
[White "Anton Guijarro, David"]
[Black "Tang, Andrew"]
[Result "0-1"]
[WhiteTitle "GM"]
[BlackTitle "GM"]
[WhiteElo "2688"]
[BlackElo "2538"]
[WhiteFideId "2285525"]
[BlackFideId "2059630"]
[EventDate "2020.09.10"]

1. e4 e5 2. Nf3 Nc6 3. Nc3 Nf6 4. d4 exd4 5. Nxd4 Bb4 6. Nxc6 bxc6 7. Bd3 d5 8.
exd5 cxd5 9. O-O O-O 10. Qf3 c6 11. h3 h6 12. Bf4 Bd6 13. Rfe1 Rb8 14. b3 Rb7
15. Ne2 c5 16. Bxd6 Qxd6 17. Nf4 Be6 18. c4 Rb4 19. Nxe6 fxe6 20. Qe2 Rb6 21.
Rad1 d4 22. g3 a5 23. f4 Ra8 24. Bc2 Raa6 25. a4 Ra7 26. Qe5 Qxe5 27. Rxe5 Nd7
28. Re2 Kf7 29. Kf2 Kf6 30. Rde1 Ra8 31. h4 Re8 32. h5 Nb8 33. g4 Nd7 34. Kg3
Rf8 35. Kh4 Ke7 36. Kg3 Rd6 37. Bf5 Rf6 38. Bd3 Rb6 39. g5 Rf8 40. Kg4 hxg5 41.
fxg5 e5 42. Bf5 Rxb3 43. Rxe5+ Nxe5+ 44. Rxe5+ Kd6 45. Re6+ Kc7 46. Rg6 Rf7 47.
h6 gxh6 48. gxh6 Rb2 49. Kg5 Rg2+ 50. Bg4 d3 51. Rg7 Rxg7+ 52. hxg7 d2 53. g8=Q
Rxg4+ 54. Kxg4 d1=Q+ 55. Kf4 Qxa4 56. Ke3 Qc6 57. Kd2 a4 58. Kc3 Qf3+ 59. Kc2
Qb3+ 60. Kd2 a3 61. Qf7+ Kb6 62. Qf6+ Ka5 63. Qd8+ Qb6 64. Qa8+ Kb4 65. Kc2 Qd6
66. Qb7+ Kxc4 67. Qf7+ Qd5 68. Qf4+ Kb5 69. Qf8 Qa2+ 70. Kc3 Qb2+ 71. Kd3 Qb3+
72. Kd2 Qb4+ 73. Kc2 Qe4+ 74. Kb3 Qb4+ 75. Kc2 Qb2+ 76. Kd3 c4+ 77. Ke3 Qc3+ 78.
Ke2 Qd3+ 79. Ke1 a2 80. Qb8+ Ka4 81. Qa7+ Kb3 82. Qb7+ Kc2 83. Qg2+ Kb1 84. Qb7+
Qb3 85. Qe4+ Kb2 86. Qg2+ Qc2 87. Qb7+ Kc1 88. Qa7 Qc3+ 89. Ke2 a1=Q 90. Qg1+
Kb2 0-1

[Event "Chess24 Banter QualE 2020"]
[Site "chess24.com INT"]
[Date "2020.09.10"]
[Round "1.6"]
[Board "1"]
[White "Tang, Andrew"]
[Black "Anton Guijarro, David"]
[Result "1-0"]
[WhiteTitle "GM"]
[BlackTitle "GM"]
[WhiteElo "2538"]
[BlackElo "2688"]
[WhiteFideId "2059630"]
[BlackFideId "2285525"]
[EventDate "2020.09.10"]

1. d4 g6 2. c4 Bg7 3. Nc3 d6 4. e4 Nf6 5. Nge2 c6 6. f3 a6 7. Be3 b5 8. c5 dxc5
9. dxc5 Qxd1+ 10. Rxd1 a5 11. g3 Nfd7 12. Nf4 Ne5 13. Kf2 O-O 14. Be2 Na6 15.
Rd2 g5 16. Nh5 f6 17. Nxg7 Kxg7 18. Rc1 Be6 19. b3 Nb4 20. f4 Ng4+ 21. Bxg4 Bxg4
22. a3 Na6 23. Ne2 Bxe2 24. Kxe2 gxf4 25. gxf4 Rad8 26. Rcd1 Rxd2+ 27. Rxd2 Rc8
28. Rd7 Rc7 29. Rd8 Rb7 30. Rc8 Nc7 31. f5 Kf7 32. Kd3 e6 33. fxe6+ Kxe6 34. Bf4
Kd7 35. Rh8 Ne6 36. Rxh7+ Ke8 37. Rh8+ Kf7 38. Bd6 Kg6 39. Rc8 Rh7 40. Rxc6 Rh3+
41. Bg3 Kf7 42. b4 axb4 43. axb4 Rh8 44. Rb6 Ra8 45. Rxb5 Ra1 46. Rb7+ Kg6 47.
c6 Rc1 48. b5 Nc5+ 49. Kd4 1-0

[Event "Chess24 Banter QualE 2020"]
[Site "chess24.com INT"]
[Date "2020.09.10"]
[Round "1.7"]
[Board "1"]
[White "Anton Guijarro, David"]
[Black "Tang, Andrew"]
[Result "1-0"]
[WhiteTitle "GM"]
[BlackTitle "GM"]
[WhiteElo "2688"]
[BlackElo "2538"]
[WhiteFideId "2285525"]
[BlackFideId "2059630"]
[EventDate "2020.09.10"]

1. Nf3 d5 2. c4 e6 3. e3 Nf6 4. Nc3 b6 5. cxd5 exd5 6. g3 Bd6 7. Bg2 O-O 8. O-O
Bb7 9. b3 Re8 10. Bb2 Nbd7 11. Rc1 a6 12. Ne2 Qe7 13. Nf4 Rad8 14. Nd4 Bxf4 15.
gxf4 c5 16. Nf5 Qf8 17. Ng3 Ba8 18. d4 Qd6 19. Qd3 Bb7 20. Rfd1 Qe6 21. Qf5 Qe7
22. Qg5 h6 23. Qh4 Rc8 24. Nf5 Qe6 25. Bh3 Qc6 26. Qg3 Nh5 27. Qh4 Ndf6 28. Bg2
Qe6 29. Bh3 Qc6 30. Kh1 Kh7 31. Rg1 g6 32. Ng3 Nxg3+ 33. hxg3 Rc7 34. dxc5 Ne4
35. cxb6 Qxb6 36. Bd4 Qa5 37. Rxc7 Qxc7 38. Rf1 Qc2 39. Kg1 Bc8 40. Bg2 Rg8 41.
Bxe4 Qxe4 42. Qf6 Be6 43. f3 Qc2 44. Rf2 Qd1+ 45. Kg2 g5 46. f5 g4 47. fxe6
gxf3+ 48. Kh2 fxe6 49. Qf7+ Rg7 50. Qxg7# 1-0

[Event "Chess24 Banter QualE 2020"]
[Site "chess24.com INT"]
[Date "2020.09.10"]
[Round "1.8"]
[Board "1"]
[White "Tang, Andrew"]
[Black "Anton Guijarro, David"]
[Result "1-0"]
[WhiteTitle "GM"]
[BlackTitle "GM"]
[WhiteElo "2538"]
[BlackElo "2688"]
[WhiteFideId "2059630"]
[BlackFideId "2285525"]
[EventDate "2020.09.10"]

1. d4 Nf6 2. c4 g6 3. f3 c5 4. d5 d6 5. e4 e6 6. Nc3 exd5 7. cxd5 Bg7 8. Nge2
O-O 9. Ng3 Ne8 10. Be2 h5 11. Be3 Nd7 12. O-O Ne5 13. h3 h4 14. Nh1 f5 15. exf5
Bxf5 16. f4 Nf7 17. Nf2 Nf6 18. Qd2 a6 19. a4 Re8 20. Rfe1 Qd7 21. Kh2 Re7 22.
a5 Rae8 23. Bf3 Nh6 24. Re2 Nh5 25. Bxh5 gxh5 26. Rae1 Bg6 27. Nfd1 Nf5 28. Bf2
Ng3 29. Bxg3 hxg3+ 30. Kxg3 Rxe2 31. Rxe2 Rxe2 32. Qxe2 Kf7 33. Ne3 Bf6 34. Qf3
Qe7 35. f5 Qe5+ 36. Kf2 Bh7 37. Qxh5+ Kg7 38. Qg4+ Kf8 39. Qe4 Qd4 40. Ke2 Bg8
41. g4 Qb4 42. Qxb4 cxb4 43. Na4 b3 44. Kd3 Bd8 45. Nb6 Bf6 46. Nbc4 Ke7 47. Ke4
Bf7 48. Nd2 Bxb2 49. Nxb3 Be8 50. g5 Bc3 51. h4 Ba4 52. f6+ Kf7 53. Nd4 Kg6 54.
Nc4 Bb4 55. Ne6 Be8 56. Nf4+ Kf7 57. Kf5 Bd7+ 58. Ne6 Kg8 59. g6 Be8 60. f7+
Bxf7 61. gxf7+ Kxf7 62. h5 Kg8 63. Kg6 1-0

[Event "Chess24 Banter QualE 2020"]
[Site "chess24.com INT"]
[Date "2020.09.10"]
[Round "1.1"]
[Board "2"]
[White "Edouard, Romain"]
[Black "Sethuraman, S.P."]
[Result "0-1"]
[WhiteTitle "GM"]
[BlackTitle "GM"]
[WhiteElo "2645"]
[BlackElo "2644"]
[WhiteFideId "633429"]
[BlackFideId "5021596"]
[EventDate "2020.09.10"]

1. d4 d5 2. c4 e6 3. Nc3 c6 4. Nf3 Nf6 5. Bg5 h6 6. Bh4 dxc4 7. e4 g5 8. Bg3 b5
9. Be2 Bb7 10. Qc2 Nbd7 11. O-O Nh5 12. d5 Nxg3 13. fxg3 Bg7 14. dxe6 fxe6 15.
e5 O-O 16. Rad1 Qe7 17. Qg6 Qf7 18. Qe4 Qe7 19. h4 Rf5 20. hxg5 hxg5 21. g4 Rf4
22. Qg6 Nf8 23. Qh5 Nh7 24. Rd6 Qf7 25. Qxf7+ Rxf7 26. Ne4 c5 27. Nexg5 Nxg5 28.
Nxg5 Rxf1+ 29. Kxf1 Bxe5 30. Rxe6 Bxb2 31. a4 a6 32. Rb6 Rf8+ 33. Ke1 Bxg2 34.
axb5 axb5 35. Rxb5 c3 36. Rxc5 Re8 37. Rc7 Bd5 38. Nh7 Re6 39. Kf1 Rc6 40. Rxc6
Bxc6 41. Bd3 Bb5 0-1

[Event "Chess24 Banter QualE 2020"]
[Site "chess24.com INT"]
[Date "2020.09.10"]
[Round "1.2"]
[Board "2"]
[White "Sethuraman, S.P."]
[Black "Edouard, Romain"]
[Result "1-0"]
[WhiteTitle "GM"]
[BlackTitle "GM"]
[WhiteElo "2644"]
[BlackElo "2645"]
[WhiteFideId "5021596"]
[BlackFideId "633429"]
[EventDate "2020.09.10"]

1. Nf3 c5 2. c4 Nf6 3. Nc3 Nc6 4. e3 e5 5. d4 e4 6. d5 exf3 7. dxc6 fxg2 8.
cxd7+ Bxd7 9. Bxg2 Qc7 10. Bd2 O-O-O 11. Qc2 Bc6 12. Bxc6 Qxc6 13. Qf5+ Kb8 14.
O-O-O g6 15. Qf4+ Qd6 16. e4 Nh5 17. Qxf7 Rd7 18. Qf3 Qe6 19. Nd5 Bg7 20. Bc3
Rf8 21. Qe3 Bxc3 22. Nxc3 Rxd1+ 23. Rxd1 Qxc4 24. e5 Ng7 25. b3 Qf7 26. Qxc5 Rc8
27. Qd6+ Ka8 28. Kb2 Qxf2+ 29. Rd2 Qe3 30. Rd3 Qf2+ 31. Rd2 Qe1 32. Qd7 Rb8 33.
Re2 1-0

[Event "Chess24 Banter QualE 2020"]
[Site "chess24.com INT"]
[Date "2020.09.10"]
[Round "1.3"]
[Board "2"]
[White "Edouard, Romain"]
[Black "Sethuraman, S.P."]
[Result "0-1"]
[WhiteTitle "GM"]
[BlackTitle "GM"]
[WhiteElo "2645"]
[BlackElo "2644"]
[WhiteFideId "633429"]
[BlackFideId "5021596"]
[EventDate "2020.09.10"]

1. c4 e6 2. g3 d5 3. Bg2 Nf6 4. Nf3 dxc4 5. Qa4+ Bd7 6. Qxc4 c5 7. O-O Nc6 8.
Nc3 Rc8 9. e4 Ng4 10. Qe2 Nge5 11. Nxe5 Nxe5 12. f4 Nc6 13. d3 Be7 14. f5 O-O
15. Be3 b6 16. g4 Bf6 17. Kh1 Qe7 18. Qd2 h6 19. Rae1 Rfd8 20. Bf4 Ne5 21. Qe2
Bc6 22. Rd1 Rd7 23. h4 exf5 24. exf5 Bxg2+ 25. Kxg2 Nxd3 26. Qxe7 Bxe7 27. Bg3
Rcd8 28. b3 Bf6 29. Ne4 Nf4+ 30. Bxf4 Rxd1 31. Nxf6+ gxf6 32. Rf2 Kg7 33. Re2
R8d4 34. Rf2 c4 35. g5 hxg5 36. hxg5 c3 0-1

[Event "Chess24 Banter QualE 2020"]
[Site "chess24.com INT"]
[Date "2020.09.10"]
[Round "1.4"]
[Board "2"]
[White "Sethuraman, S.P."]
[Black "Edouard, Romain"]
[Result "1-0"]
[WhiteTitle "GM"]
[BlackTitle "GM"]
[WhiteElo "2644"]
[BlackElo "2645"]
[WhiteFideId "5021596"]
[BlackFideId "633429"]
[EventDate "2020.09.10"]

1. Nf3 c5 2. c4 Nc6 3. Nc3 Nf6 4. e3 e5 5. d4 e4 6. d5 exf3 7. dxc6 bxc6 8. e4
d6 9. gxf3 g6 10. Be3 Bg7 11. Qd2 O-O 12. O-O-O Qb6 13. Bh6 Bxh6 14. Qxh6 Rb8
15. Rd2 Be6 16. Qf4 Nh5 17. Qe3 Qb4 18. f4 Bxc4 19. Bxc4 Qxc4 20. Rxd6 Qb4 21.
Rd2 c4 22. Rhd1 Ng7 23. f5 Kh8 24. Qd4 Kg8 25. Qf6 Nh5 26. Qxc6 Nf4 27. Kb1 Nd3
28. Ka1 Nxb2 29. Nd5 Qa3 30. Qf6 Rfe8 31. fxg6 hxg6 32. Rg1 1-0

[Event "Chess24 Banter QualE 2020"]
[Site "chess24.com INT"]
[Date "2020.09.10"]
[Round "1.5"]
[Board "2"]
[White "Edouard, Romain"]
[Black "Sethuraman, S.P."]
[Result "0-1"]
[WhiteTitle "GM"]
[BlackTitle "GM"]
[WhiteElo "2645"]
[BlackElo "2644"]
[WhiteFideId "633429"]
[BlackFideId "5021596"]
[EventDate "2020.09.10"]

1. Nf3 d5 2. b3 Bf5 3. Bb2 e6 4. g3 h6 5. Bg2 Nf6 6. O-O Be7 7. d3 O-O 8. Nbd2
a5 9. a3 Bh7 10. c4 c6 11. Ne5 Nbd7 12. e4 dxe4 13. dxe4 Nxe5 14. Bxe5 Nd7 15.
Bb2 Bf6 16. Bxf6 Qxf6 17. f4 Qd4+ 18. Kh1 Nc5 19. Qe2 Rfd8 20. Rad1 Qd3 21. Qxd3
Rxd3 22. b4 axb4 23. axb4 Na4 24. Nb1 Rxd1 25. Rxd1 Nb2 26. Rc1 Nd3 27. Rf1 Nxb4
28. Nd2 Rd8 29. Nb3 b6 30. c5 bxc5 31. Nxc5 Bg6 32. h3 Nd3 33. Nb7 Rd7 34. Na5
c5 35. f5 exf5 36. exf5 Bh7 37. g4 g6 38. f6 g5 39. Nc6 Nf4 40. Ra1 Bg6 41. Ne7+
Kh7 42. h4 gxh4 43. Rf1 Nxg2 44. Kxg2 c4 45. Ra1 c3 46. Kf3 c2 47. Nxg6 Kxg6 48.
Rc1 Rc7 0-1

[Event "Chess24 Banter QualE 2020"]
[Site "chess24.com INT"]
[Date "2020.09.10"]
[Round "1.1"]
[Board "3"]
[White "Bluebaum, Matthias"]
[Black "Oleksiyenko, Mykhaylo"]
[Result "1-0"]
[WhiteTitle "GM"]
[BlackTitle "GM"]
[WhiteElo "2660"]
[BlackElo "2585"]
[WhiteFideId "24651516"]
[BlackFideId "4152417"]
[EventDate "2020.09.10"]

1. d4 d5 2. c4 c6 3. Nc3 Nf6 4. e3 Bf5 5. cxd5 cxd5 6. Qb3 Bc8 7. f4 Nc6 8. Nf3
e6 9. Bd3 Be7 10. O-O O-O 11. Bd2 Bd7 12. Ne5 Rc8 13. Rac1 Na5 14. Qd1 Nc4 15.
Nxc4 dxc4 16. Bb1 b5 17. e4 b4 18. Ne2 Bc6 19. Rxc4 Bxe4 20. Rxc8 Qxc8 21. Bxe4
Nxe4 22. Be3 Qc4 23. b3 Qb5 24. Qc2 Nf6 25. Rc1 Nd5 26. Bf2 g6 27. Qc4 Qa5 28.
Rc2 Nb6 29. Qd3 Nd5 30. Qc4 Nb6 31. Qd3 Rd8 32. g3 h5 33. Qf3 Nd5 34. Kg2 Qa6
35. Nc1 Rc8 36. Qd3 Qb7 37. Rxc8+ Qxc8 38. Qc4 Qxc4 39. bxc4 Nb6 40. d5 Nxc4 41.
dxe6 a5 42. exf7+ Kxf7 43. Kf3 Ke6 44. Ke4 Bf6 45. Nb3 Kd6 46. Bd4 Bd8 47. Nc5
Kc6 48. h3 Kb5 49. Kd3 Bb6 50. Ne6 a4 51. Bxb6 Nxb6 52. Nf8 Nd5 53. Nxg6 a3 54.
Kc2 Nc3 55. f5 Nxa2 56. f6 Kc4 57. Ne5+ Kd5 58. f7 Nc3 59. f8=Q 1-0

[Event "Chess24 Banter QualE 2020"]
[Site "chess24.com INT"]
[Date "2020.09.10"]
[Round "1.2"]
[Board "3"]
[White "Oleksiyenko, Mykhaylo"]
[Black "Bluebaum, Matthias"]
[Result "0-1"]
[WhiteTitle "GM"]
[BlackTitle "GM"]
[WhiteElo "2585"]
[BlackElo "2660"]
[WhiteFideId "4152417"]
[BlackFideId "24651516"]
[EventDate "2020.09.10"]

1. e4 e6 2. d4 d5 3. Nd2 c5 4. Ngf3 cxd4 5. Nxd4 Nf6 6. exd5 Nxd5 7. N2f3 Bb4+
8. Bd2 O-O 9. Bc4 b6 10. Bxb4 Nxb4 11. Qe2 Qc7 12. a3 N4c6 13. O-O-O a6 14. Qe4
Nxd4 15. Rxd4 Bb7 16. Qh4 Nd7 17. Bd3 Nf6 18. Rf4 Rfd8 19. Kb1 Rac8 20. Ka1 Rxd3
21. cxd3 Bd5 22. Rc4 Bxc4 23. dxc4 Qxc4 24. Qxc4 Rxc4 25. Rd1 Nd5 26. Kb1 Kf8
27. g3 Ke7 28. h4 h6 29. Rd2 b5 30. Ne5 Rc7 31. Rd3 f6 32. Ng6+ Kf7 33. Nh8+ Kg8
34. Ng6 h5 35. b3 Rc3 36. Rxc3 Nxc3+ 37. Kc2 Ne4 38. Nf4 e5 39. Nh3 Kf7 40. Kd3
Nc5+ 41. Kc3 Ke6 42. Kb4 Kd5 43. Ka5 Nxb3+ 44. Kxa6 Kc5 45. Ng1 Nd2 46. Ka5 Nc4+ 0-1

[Event "Chess24 Banter QualE 2020"]
[Site "chess24.com INT"]
[Date "2020.09.10"]
[Round "1.3"]
[Board "3"]
[White "Bluebaum, Matthias"]
[Black "Oleksiyenko, Mykhaylo"]
[Result "1-0"]
[WhiteTitle "GM"]
[BlackTitle "GM"]
[WhiteElo "2660"]
[BlackElo "2585"]
[WhiteFideId "24651516"]
[BlackFideId "4152417"]
[EventDate "2020.09.10"]

1. d4 d5 2. c4 c6 3. Nc3 Nf6 4. e3 Bf5 5. cxd5 cxd5 6. Qb3 Bc8 7. f4 Nc6 8. Nf3
e6 9. Bd3 Be7 10. Bd2 O-O 11. O-O Bd7 12. Rfc1 Na5 13. Qd1 Nc4 14. Rab1 b5 15.
b3 Nxd2 16. Qxd2 Ba3 17. Rc2 Qb6 18. Ne5 Bb4 19. Qe2 a6 20. g4 Be8 21. g5 Nd7
22. Nf3 g6 23. Rbc1 Ba3 24. Rd1 Nb8 25. Nb1 Bd6 26. Ne5 Nc6 27. Ng4 Kg7 28. a3
Ne7 29. Qf2 Ng8 30. Qh4 Be7 31. Rdc1 Bd7 32. Nd2 Rfc8 33. b4 Rxc2 34. Rxc2 a5
35. Nb3 axb4 36. axb4 Rc8 37. Nc5 Qa7 38. Ne5 Bxc5 39. dxc5 Qa3 40. Qe1 Be8 41.
Qc3 Qxc3 42. Rxc3 Ne7 43. Ra3 Nc6 44. Nxc6 Bxc6 45. Kf2 h6 46. h4 hxg5 47. hxg5
Kf8 48. Ra7 Ke8 49. Ke2 Bd7 50. Kd2 Rb8 51. Kc3 1-0

[Event "Chess24 Banter QualE 2020"]
[Site "chess24.com INT"]
[Date "2020.09.10"]
[Round "1.4"]
[Board "3"]
[White "Oleksiyenko, Mykhaylo"]
[Black "Bluebaum, Matthias"]
[Result "1/2-1/2"]
[WhiteTitle "GM"]
[BlackTitle "GM"]
[WhiteElo "2585"]
[BlackElo "2660"]
[WhiteFideId "4152417"]
[BlackFideId "24651516"]
[EventDate "2020.09.10"]

1. e4 c6 2. d4 d5 3. e5 Bf5 4. h4 h5 5. Bd3 Bxd3 6. Qxd3 Qa5+ 7. Bd2 Qa6 8. e6
Qxd3 9. exf7+ Kxf7 10. cxd3 Nd7 11. Nf3 Nh6 12. Bc3 e6 13. Nbd2 Be7 14. O-O Nf5
15. g3 Rag8 16. Ng5+ Bxg5 17. hxg5 e5 18. Nf3 exd4 19. Bxd4 Nxd4 20. Nxd4 Re8
21. Rae1 Ne5 22. Re3 Ng4 23. Rxe8 Rxe8 24. b4 Kg6 25. f4 Re3 26. Rf3 Re1+ 27.
Rf1 Re3 28. Rf3 Rxf3 29. Nxf3 Ne3 30. Nd4 Nf5 31. Ne2 Ne3 32. Nd4 Nf5 33. Ne2
Kf7 34. Kf2 Ke6 35. Kf3 b6 36. d4 g6 37. Kf2 Nd6 38. Nc1 Nf5 39. Nb3 Kd6 40. Kf3
Ke6 41. Kf2 Ke7 42. Kf3 Kd7 43. Kf2 Nd6 44. Kf3 Ke6 45. Nc1 Nf5 46. Nb3 1/2-1/2

[Event "Chess24 Banter QualE 2020"]
[Site "chess24.com INT"]
[Date "2020.09.10"]
[Round "1.5"]
[Board "3"]
[White "Bluebaum, Matthias"]
[Black "Oleksiyenko, Mykhaylo"]
[Result "1-0"]
[WhiteTitle "GM"]
[BlackTitle "GM"]
[WhiteElo "2660"]
[BlackElo "2585"]
[WhiteFideId "24651516"]
[BlackFideId "4152417"]
[EventDate "2020.09.10"]

1. d4 d5 2. Nf3 Nf6 3. Bf4 c5 4. e3 e6 5. Nbd2 Bd6 6. c3 O-O 7. Ne5 Qc7 8. Bd3
Nbd7 9. Ndf3 Ne4 10. O-O f6 11. Nxd7 Bxd7 12. Bxd6 Qxd6 13. Bxe4 dxe4 14. dxc5
Qc7 15. Nd2 Bc6 16. Nb3 Rfd8 17. Qe2 Rd3 18. Rfd1 Rad8 19. Nd4 e5 20. Ne6 Rxd1+
21. Rxd1 Rxd1+ 22. Qxd1 Qd7 23. Qxd7 Bxd7 24. Nd8 Bc8 25. c6 bxc6 26. Nxc6 Kf7
27. Nxa7 Bd7 28. c4 Ke6 29. Nb5 1-0

[Event "Chess24 Banter QualE 2020"]
[Site "chess24.com INT"]
[Date "2020.09.10"]
[Round "1.1"]
[Board "4"]
[White "Swiercz, Dariusz"]
[Black "Sanal, Vahap"]
[Result "1-0"]
[WhiteTitle "GM"]
[BlackTitle "GM"]
[WhiteElo "2649"]
[BlackElo "2581"]
[WhiteFideId "1126881"]
[BlackFideId "6300545"]
[EventDate "2020.09.10"]

1. d4 Nf6 2. c4 g6 3. Nf3 Bg7 4. g3 O-O 5. Bg2 d6 6. O-O c6 7. Nc3 Qb6 8. b3 e5
9. c5 Qa5 10. Bd2 exd4 11. Ne4 Qa3 12. Bc1 Qa5 13. Nxd6 Nd5 14. Bb2 Nc3 15. Qc2
Qxc5 16. Nxc8 Rxc8 17. Rac1 Re8 18. e3 Qa5 19. a3 Nb5 20. b4 Qb6 21. exd4 Nxd4
22. Nxd4 Bxd4 23. Bxd4 Qxd4 24. b5 Qf6 25. Rfd1 a5 26. a4 Ra7 27. Qc5 Ra8 28.
Qb6 Qe7 29. h4 h5 30. Re1 Qxe1+ 31. Rxe1 Rxe1+ 32. Kh2 Nd7 33. Qxb7 Rd8 34. Qc7
Ree8 35. Bxc6 1-0

[Event "Chess24 Banter QualE 2020"]
[Site "chess24.com INT"]
[Date "2020.09.10"]
[Round "1.2"]
[Board "4"]
[White "Sanal, Vahap"]
[Black "Swiercz, Dariusz"]
[Result "0-1"]
[WhiteTitle "GM"]
[BlackTitle "GM"]
[WhiteElo "2581"]
[BlackElo "2649"]
[WhiteFideId "6300545"]
[BlackFideId "1126881"]
[EventDate "2020.09.10"]

1. e4 c5 2. Nf3 Nc6 3. c3 e5 4. d4 cxd4 5. cxd4 exd4 6. Nxd4 Nf6 7. Nc3 Bb4 8.
Nxc6 dxc6 9. Qxd8+ Kxd8 10. Bg5 Be6 11. O-O-O+ Kc8 12. Bxf6 gxf6 13. a3 Bc5 14.
Rd2 Kc7 15. Bd3 Rad8 16. Rhd1 h5 17. h4 Rhg8 18. Bf1 Rxd2 19. Rxd2 f5 20. exf5
Bxf5 21. g3 Re8 22. Kd1 b5 23. b4 Bb6 24. Be2 Bxf2 25. a4 a6 26. axb5 axb5 27.
Nxb5+ cxb5 0-1

[Event "Chess24 Banter QualE 2020"]
[Site "chess24.com INT"]
[Date "2020.09.10"]
[Round "1.3"]
[Board "4"]
[White "Swiercz, Dariusz"]
[Black "Sanal, Vahap"]
[Result "1/2-1/2"]
[WhiteTitle "GM"]
[BlackTitle "GM"]
[WhiteElo "2649"]
[BlackElo "2581"]
[WhiteFideId "1126881"]
[BlackFideId "6300545"]
[EventDate "2020.09.10"]

1. d4 Nf6 2. c4 g6 3. Nf3 Bg7 4. g3 O-O 5. Bg2 d6 6. O-O c6 7. Nc3 Qb6 8. b3 e5
9. c5 Qa5 10. Bd2 exd4 11. Ne4 Qa3 12. Bc1 Qa5 13. Bd2 Qd8 14. Nxd6 Nd5 15. Rc1
Nd7 16. b4 a5 17. a3 axb4 18. axb4 h6 19. Qb3 Qe7 20. Rfe1 b6 21. e4 dxe3 22.
Bxe3 Nxe3 23. Rxe3 Qf6 24. Ne8 Qb2 25. Qd1 bxc5 26. Nxg7 Kxg7 27. bxc5 Nxc5 28.
Re2 Qb4 29. Ne5 Ba6 30. Re3 Rad8 31. Qc2 Rd2 32. Qc3 Qxc3 33. Rexc3 Rfd8 34. Bf3
Ne6 35. Nxc6 R8d6 36. h4 Bb7 37. Ne5 Bxf3 38. Rxf3 f6 39. Nc4 Rd1+ 40. Rxd1
Rxd1+ 41. Kg2 Rc1 42. Nd6 f5 43. h5 Ng5 44. Ra3 gxh5 45. Nxf5+ Kg6 46. Nh4+ Kg7
47. Ra7+ Nf7 48. Ra6 Rc5 49. Rb6 Ra5 50. Rc6 Rb5 51. Ra6 Rc5 52. Nf3 Rf5 53. Nd4
Re5 54. Ne6+ Kh7 55. Nf4 Rf5 56. Ra7 Kg8 57. Ne6 Rf6 58. Nc5 Rf5 59. Ne4 Re5 60.
Nd2 Kg7 61. Nf3 Rd5 62. Ra6 Ng5 63. Nxg5 hxg5 64. Rb6 1/2-1/2